Traducción: literatura y literalidad

Gorde:
Xehetasun bibliografikoak
Egile nagusia: Paz, Octavio (autor)
Formatua: Liburua
Hizkuntza:gaztelania
Argitaratua: Barcelona Tusquets 1981
Saila:Cuadernos Marginales
Gaiak:
Etiketak: Etiketa erantsi
Etiketarik gabe, Izan zaitez lehena erregistro honi etiketa jartzen!

MARC

LEADER 00000nam a2200000 a 4500
001 UCX5711
003 CL-VaPUC
008 930108e19810000SP |||||||||||||||||spa|d
082 0 4 |a Me864  |b PAZ  |2 21 
100 |a Paz, Octavio  |e autor  |9 321638 
245 1 0 |a Traducción: literatura y literalidad 
300 |a 78 p 
942 |c BK 
945 |d 19930108 00:00:00 
260 |a Barcelona  |b Tusquets  |c 1981 
650 7 |a ENSAYOS MEXICANOS  |2 CL-VaPUC  |9 315571 
583 |a last modification  |c 19930108 00:00:00  |k Rodrigo Vera 
490 0 |a Cuadernos Marginales 
999 |c 225907  |d 225905 
952 |0 0  |1 0  |4 0  |6 ME_864_000000000000000_PAZ_1981  |7 0  |8 A  |9 223840  |a FDOPOS  |b FDOPOS  |d 2019-11-15  |i 371411K  |o Me864 PAZ 1981  |p 371411K  |r 2025-01-22  |w 2019-11-15  |y BK  |k MLH